004130000a22001810004500082002500000518001400025530000600039100002400045245001600069260005800085260001400143300001000157041000800167365001400175650001800189650001600207015000800223 aN350.00092bA558mcN a2065-4-23 aM aAdhikari, Bhadravir aMero sansar aKathmandubKunta Devi tatha Juna Devi Adhikari, Nepal c2064 B.S. a122p. aNep aRs.300.00 aAdministrator aBiographies aNNB